Estado y proceso de acumulación en centroamérica /
Guardado en:
| Autor principal: | |
|---|---|
| Otros Autores: | |
| Formato: | Texto |
| Etiquetas: |
Agregar Etiqueta
Sin Etiquetas, Sea el primero en etiquetar este registro!
|
MARC
| LEADER | 00000 a a2200000 04500 | ||
|---|---|---|---|
| 001 | 43661 | ||
| 003 | |||
| 040 | |||
| 100 | |a Molina Chocano, Guillermo | ||
| 245 | |a Estado y proceso de acumulación en centroamérica / |c Guillermo Molina Chocano | ||
| 700 | |a ESTADO CONCENTRACION DE CAPITAL INDUSTRIALIZACION | ||
| 773 | |g volumen13, número37 (1984), páginas 91-106 | ||
| 999 | |c 23301 |d 23301 | ||
| 773 | 0 | |0 18875 |9 5321 |a Universidad de Costa Rica. |d San José, Costa Rica: Universidad de Costa Rica. Consejo Superior Universitario Centroamericano, 1972- |o 14076 |t Estudios Sociales Centroamericanos / |x 03039676 | |
